| 000 | 00461nam a22001577a 4500 | ||
|---|---|---|---|
| 003 | macl | ||
| 005 | 20190330171358.0 | ||
| 008 | 190330b xxu||||| |||| 00| 0 eng d | ||
| 040 | _cmacl | ||
| 082 | _a080 | ||
| 100 |
_aप्रदीप,जे् एम _974046 |
||
| 245 | _aमाइंडवॉस | ||
| 260 |
_aगुडगाव _bरूदांश प्रकाशन _c2014 |
||
| 650 |
_aसामान्य वर्ग _936 |
||
| 942 |
_2ddc _cHIN |
||
| 999 |
_c59193 _d59193 |
||